Statistiques concernant Star Wars(expert)

Cliquez ici pour prendre le quiz!

Statistiques générales

  • Ce quiz a été pris 702 fois
  • Le résultat moyen est 10 sur 20

Statistiques - réponses

QuestionsRéponses% Correct
Lune forestière, abritant des Ewoks et qui fut le thêatre de la chute de l'Empire.Endor
94%
Grand Moff de l'Empire, ayant servi pour la République en tant que capitaine. Il meurt lors de la déstruction de la première étoile noire.Wilhuff Tarkin
87%
Administrateur de la Cité des Nuages jusqu'à l'intervention de l'empire.Lando Calrissian
84%
Membre du conseil Jedi avec une prédominance crânienne due à son cerveau binaire, cérréen, tué par le commandant clone Bacara sur Mygeeto.Ki-Adi-Mundi
76%
Planète ayant pour lune Concordia et qui a fait naître parmi les meilleurs guerriers de la galaxie dont Pre Vizsla et Jango FettMandalore
70%
Membre du conseil Jedi, originaire de Dorin, il a amené au temple Ahsoka Tano. Il porte un masque réspiratoire et des lunettes de protéction. Il trouve la mort sur Cato Neimoidia après l'éxécution de l'ordre 66.Plo Koon
70%
Pilote de Prodracer Dug, présent à la course de Mos Eisley dans l'episode I.Sebulba
69%
Amiral Mon Calamari de la flotte rebelle, présent durant l'affrontement final, précédemment capitaine de la garde du roi de Mon Calamari.Gial Ackbar
63%
Race d'Orn Free Taa, Aayla Secura, Bib Fortuna et de Cham Syndulla.Twi'leks
52%
Grosse bête des neiges peuplant Hoth. Un spécimen capture Luke Skywalker.Wampa
48%
Archiduc des Géonosiens, pillier de la Confédération des systèmes indépendants.Poggle le Bref
39%
Commandant Clone ayant pour couleur le vert, asigné à Luminara Unduli et qui tente de tuer Yoda sur Kashyyyk.Commandant Gree
38%
Transport de reconnaissance tout terrain.TRTT
37%
Responsable des archives Jedi, trouvant la mort lors de l'attaque du temple de Coruscant.Jocasta Nu
34%
Chasseur Rebelle ayant servi durant la destruction de l'etoile de la mort. Arvel Crynyd s'écrase avec sur la passerelle de l'executor tuant l'équipage de commandement.RZ-1 A-Wing
33%
Premier ministre des Kaminoans, responsable de la production d'une armée de clone pour la République.Lama Su
30%
Animal de plus de 3mètres de hauts, de couleur verte, vivant sur Vendaxa. Un spécimen était présent dans l'arène de Géonosis.Acklay
22%
Chagrien à la peau bleue possédant trois cornes, vice chancelier avant l'avènement de l'empire.Mas Amedda
22%
Espece volante,avec une trompe, race de Wattoo. Leur planète est gouverné par le roi Katuunko.Toydarien
22%
Droïde ayant servi durant la guerre des clones du coté de la CSI, légerement petit et conçu pour les surfaces difficiles, ayant notamment servis sur Félucia et Utapau.Droïde Crabe
9%

Distribution des résultats

Percentile par nombre de réponses

% des personnes avec chaque résultat

Votre développement - résultats

Vous n’avez pas pris ce quiz